Tampereen kaupunginosat - Statistics

Yleistilastot
  • Tätä visaa on pelattu 3 045 kertaa
  • Keskiarvotulos 34 / 113
Vastaustilastot
Vastaus % Oikein
Hervanta
89%
Kaleva
75%
Lielahti
69%
Pyynikki
68%
Tammela A
67%
Tammela B
67%
Nekala
60%
Amuri A
59%
Amuri B
59%
Kaukajärvi
59%
Linnainmaa
58%
Hatanpää
56%
Ratina
54%
Lentävänniemi
52%
Härmälä
51%
Vuores
51%
Kissanmaa
49%
Tampella
49%
Messukylä
48%
Kauppi
47%
Koivistonkylä
47%
Turtola
46%
Atala
45%
Epilä
45%
Hakametsä
45%
Viinikka
43%
Särkänniemi
42%
Ikuri
41%
Tahmela
41%
Santalahti
40%
Hallila
38%
Kyttälä A
38%
Kyttälä B
38%
Lappi
38%
Finlayson
35%
Lamminpää
35%
Peltolammi
35%
Lukonmäki
34%
Multisilta
34%
Rahola
34%
Kalkku
33%
Petsamo
33%
Tohloppi
31%
Hervantajärvi
30%
Lahdesjärvi
30%
Takahuhti
30%
Kämmenniemi
29%
Vehmainen
29%
Hyhky
28%
Lapinniemi
28%
Leinola
28%
Muotiala
28%
Niemenranta
28%
Ala-Pispala
27%
Järvensivu
27%
Jussinkylä
26%
Pappila
26%
Rantaperkiö
26%
Rusko
26%
Ylä-Pispala
26%
Haukiluoma
25%
Kaakinmaa
25%
Pohtola
25%
Tulli
25%
Lakalaiva
24%
Ristinarkku
24%
Tesomajärvi
24%
Kaarila
23%
Olkahinen
23%
Kalevanrinne
21%
Niemi
21%
Ruotula
21%
Tammerkoski
21%
Viiala
20%
Hiedanranta
19%
Holvasti
19%
Kalevanharju
19%
Nalkala
19%
Sarankulma
19%
Sorila
19%
Terälahti
19%
Veisu
19%
Villilä
19%
Niihama
18%
Ryydynpohja
18%
Tasanne
18%
Rautaharkko
17%
Myllypuro
16%
Nirva
16%
Pyynikinrinne
16%
Aitoniemi
15%
Uusikylä
14%
Aakkula
13%
Korkinmäki
13%
Kumpula
13%
Lintulampi
13%
Osmonmäki
13%
Epilänharju
12%
Huikas
12%
Nurmi
12%
Vihioja
12%
Vuohenoja
12%
Haihara
11%
Hankkio
11%
Liisankallio
11%
Ojala
11%
Ristimäki
11%
Taatala
11%
Velaatta
11%
Taraste
9%
Jokipohja
8%
Viitapohja
8%
Polso
7%
Ehtoja vastaavia visoja ei löytynyt
Tulosjakauma
Jokaisen tuloksen saaneiden osuus
Persentiili vastausten määrän mukaan
Tuloshistoriasi
Et ole pelannut tätä visaa